<?xml version="1.0" encoding="UTF-8"?>
<collection xmlns="http://www.loc.gov/MARC21/slim">
 <record>
  <leader>00540pamaa2200169   4500</leader>
  <controlfield tag="001">0000017776</controlfield>
  <controlfield tag="005">20060613090000.0</controlfield>
  <datafield tag="020" ind1="0" ind2="0">
   <subfield code="a">081478187X </subfield>
  </datafield>
  <datafield tag="082" ind1=" " ind2=" ">
   <subfield code="a">650 EDI</subfield>
  </datafield>
  <datafield tag="090" ind1="0" ind2="0">
   <subfield code="a">HF5351 </subfield>
   <subfield code="b">EDI 1990</subfield>
  </datafield>
  <datafield tag="245" ind1="1" ind2="0">
   <subfield code="a">EDITORIAL excellence in business press publishing : </subfield>
   <subfield code="b">the Neal awards  </subfield>
   <subfield code="c">edited by Frank C. Taylorn and Albert N. Greco.</subfield>
  </datafield>
  <datafield tag="260" ind1="0" ind2="0">
   <subfield code="a">New York: </subfield>
   <subfield code="b">New York University, </subfield>
   <subfield code="c">1990.</subfield>
  </datafield>
  <datafield tag="300" ind1=" " ind2=" ">
   <subfield code="a">xxiii, 264p.: </subfield>
   <subfield code="b">26cm.</subfield>
  </datafield>
  <datafield tag="650" ind1="0" ind2="0">
   <subfield code="a">Business writing -- </subfield>
   <subfield code="x">Awards </subfield>
  </datafield>
  <datafield tag="650" ind1="0" ind2="0">
   <subfield code="a">Business </subfield>
  </datafield>
  <datafield tag="700" ind1="1" ind2="1">
   <subfield code="a">Taylor, </subfield>
   <subfield code="h">Frank C. </subfield>
  </datafield>
  <datafield tag="700" ind1="1" ind2="1">
   <subfield code="a">Greco, </subfield>
   <subfield code="h">Albert N. </subfield>
  </datafield>
 </record>
</collection>
